| 000 | 00644nam a2200205 i 4500 | ||
|---|---|---|---|
| 001 | 149361 | ||
| 003 | ES-MaACL | ||
| 005 | 20251111063349.0 | ||
| 007 | t| | ||
| 008 | 071022s1918 fr ||||1| fre d | ||
| 100 | 1 |
_aVaquez, Henri, _d1860-1936 _9113106 |
|
| 245 | 1 | 3 |
_aLe coeur et l'aorte _b: etudes de radiologie clinique / _cH. Vaquez, E. Bordet. |
| 250 | _a2e ed. | ||
| 260 |
_aParis : _bJ. B. Baillière, _c1918 ( _fImp. Dubois et Bauer) |
||
| 300 |
_aV, 255 p. : _bil. ; _c24 cm. |
||
| 650 | 4 |
_aCorazón- _xEnfermedades. _9144728 |
|
| 700 | 1 |
_aBordet, Emile. _930403 |
|
| 852 |
_aES-MaACL _jE-1382 |
||
| 999 |
_c149361 _d149361 |
||